Loading...
| Literature - American | 0 | 4 | 0 | 0 | 40 | 35 | 65.50 | 1 | 1 | 16.71 | 22.31 |
| History - American | 0 | 4 | 0 | 0 | 40 | 53 | 56.75 | 0 | 1 | 17.45 | 14.13 |
| Literature - World | 0 | 2 | 0 | 0 | 20 | 15 | 54.00 | 1 | 1 | 9.06 | 10.74 |
| Popular Culture | 0 | 2 | 0 | 1 | 20 | 73 | 91.50 | 0 | 0 | 5.99 | 3.33 |
| Literature - European | 0 | 2 | 0 | 1 | 20 | 89 | 98.50 | 0 | 0 | 1.99 | 4.55 |
| Fine Arts - Painting and Sculpture | 0 | 2 | 0 | 0 | 20 | 35 | 44.00 | 0 | 2 | 11.31 | 13.18 |
| Philosophy | 0 | 2 | 0 | 0 | 20 | 36 | 70.50 | 0 | 0 | 8.16 | 15.25 |
| Social Science | 0 | 1 | 0 | 0 | 10 | 41 | 41.00 | 0 | 0 | 6.16 | 8.08 |
| History - European | 0 | 1 | 0 | 0 | 10 | 66 | 66.00 | 0 | 0 | 3.43 | 6.82 |
| Science - Biology | 0 | 1 | 0 | 0 | 10 | 98 | 98.00 | 0 | 0 | 0.00 | 0.91 |
| Current Events | 0 | 1 | 0 | 0 | 10 | 75 | 75.00 | 0 | 0 | 7.64 | 4.55 |
| Religion | 0 | 1 | 0 | 0 | 10 | 72 | 72.00 | 1 | 1 | 3.59 | 7.44 |
| Mythology | 0 | 0 | 0 | 0 | 0 | 0.00 | 0 | 0 | 0.00 | 0.00 | |
| History - Other | 0 | 0 | 0 | 0 | 0 | 0.00 | 0 | 0 | 0.00 | 0.00 |